000 00293 a2200145 4500
001 177184
020 _a
040 _cMagnum
100 _a-
240 1 0 _aPinacoteca caras: rafael
_lpor
245 1 0 _aPinacoteca caras: rafael
362 0 _a1899
697 _aMAGNITO: ARTES
942 _cBK
999 _c177184
_d177184